Paroles "Par amour" de Dadju et Gims - Statistiques

Statistiques générales
  • Ce quiz a été pris 477 fois
  • Le résultat moyen est 374 sur 479
Statistiques - réponses
Paroles % Correct
à
100%
A
100%
amour
100%
amour,
100%
Amour
100%
Par
100%
par
100%
de
97%
la
97%
le
97%
j'ai
96%
J'ai
96%
me
95%
père
94%
regard
94%
ton
94%
te
92%
Je
91%
je
91%
mer
91%
ce
90%
ce
90%
90%
même
90%
affronter
88%
en
87%
que
86%
regarder
86%
tes
86%
T'es
86%
des
85%
su
85%
fait
84%
ou
84%
84%
semblant
84%
l'air
83%
paroles
83%
plus
83%
défauts
82%
mot
81%
pas
81%
Tu
81%
tu
81%
voir
81%
dernier
80%
laisse
79%
laissé
79%
ma
79%
ne
79%
avoir
77%
c'était
76%
donné
74%
sur
74%
toi
74%
toi,
74%
depuis
72%
mais
72%
départ
71%
t'ai
71%
appris
70%
beau
69%
sûrement
69%
suis
68%
autres,
67%
autres
67%
c'est
67%
C'est
67%
n'avais
67%
Oui
67%
oui
67%
les
65%
et
64%
Et
64%
j'avais
64%
moi
63%
Moi
63%
J't'ai
61%
prêt
60%
dire
59%
n'arrive
59%
Oh
58%
oh
58%
dois
57%
Ouh
57%
armes
56%
encore
56%
encore,
56%
flamme
54%
J'suis
54%
mon
54%
penses
54%
saigne
54%
d'accord
53%
larmes
53%
prendre
53%
es
52%
longtemps
52%
travers
52%
rien
50%
Rien
50%
t'attend
49%
donner
46%
vivre
46%
J'étais
45%
t'aurais
45%
loin
44%
n'éteindra
44%
refuse
44%
t'attends
44%
ah
43%
j'essuierai
43%
part
43%
retrouve
43%
sans
43%
Quand
42%
vie
42%
avec
41%
devenu
41%
fier
41%
nulle
41%
tête
41%
j'en
40%
style
39%
centre
38%
cœur
37%
guider
37%
toutes
36%
bannières
35%
d'attention
35%
hier
35%
millions
35%
Cendrillon
34%
y'a
34%
logique,
33%
étais
32%
d'affiche
31%
place,
31%
ferai
30%
l'agrandir
30%
briller
29%
derrière
29%
veux
28%
d'la
27%
nous
27%
sorti
27%
regarderai
26%
téléguidé
26%
adopté
23%
totalement
22%
devant
21%
m'emmènes
19%
J'vois
15%
Recentrer
14%
cause
13%
Aucun quiz correspondant
Distribution des résultats
% des personnes avec chaque résultat
Percentile par nombre de réponses
Votre historique - résultats
Vous n’avez pas pris ce quiz